Statistics for September 4th: Birthdays

Click here to take the quiz!

General Stats

  • This quiz has been taken 5 times
  • The average score is 1 of 10

Answer Stats

YearClueAnswer% Correct
1981Part of group Destiny's ChildBeyoncé Knowles
80%
19424-time major title winnerRay Floyd
20%
19498-time major winnerTom Watson
20%
1824Composed Te DeumAnton Bruckner
0%
1934Won Nobel Prize in 2003Clive Granger
0%
1892Composed MaximilienDarius Milhaud
0%
1909Nazi PhysicianEduard Wirths
0%
1918ABC Radio BroadcasterPaul Harvey
0%
1962Won Nobel PrizeShinya Yamanaka
0%
1901Known as Mr. JaguarWilliam Lyons
0%

Score Distribution

Percentile by Number Answered

Percent of People with Each Score

Your Score History

You have not taken this quiz